Seven American Women Writers of the Twentieth Century : an introduction

Gespeichert in:
Bibliographische Detailangaben
1. Verfasser: Howard, Maureen
Format: Buch
Sprache:Undetermined
Veröffentlicht: Minnesota. Estados Unidos University Press 1978
Schlagworte:
Tags: Tag hinzufügen
Keine Tags, Fügen Sie den ersten Tag hinzu!

MARC

LEADER 00000nam a2200000Ia 4500
008 170316s9999 xx 000 0 und d
040 |a cru BVZT 
090 |a 810 H-34s 
100 |a Howard, Maureen 
245 |a Seven American Women Writers of the Twentieth Century : an introduction 
260 |a Minnesota. Estados Unidos 
260 |b University Press 
260 |c 1978 
300 |a 380 páginas 
650 |a LITERATURA ESTADOUNIDENSE 
999 |c 5750  |d 5750 
942 |c 15 D  |h 810 H-34s  |2 z